Team 7 - Naruto/Boruto - Statistiques

Statistiques générales
  • Ce quiz a été pris 426 fois
  • Le résultat moyen est 16 sur 17
Statistiques - réponses
Hint Réponse % Correct
Petit frère d'Itachi Sasuke
100%
Fils du 7ème Hokage Boruto
99%
Sensei/6ème Hokage/élève du 4ème Hokage Kakashi
99%
réceptacle de Kurama Naruto
99%
L'Ermite des Crapauds Jiraya
98%
Membre de l'Akatsuki connu sous le nom de Tobi Obito
98%
Tueur du 3ème Hokage Orochimaru
98%
élève du 5ème Hokage Sakura
97%
La légendaire Perdante Tsunade
97%
L'éclair Jaune de Konoha Minato
96%
Fille de Sasuke et de Sakura Sarada
96%
3ème Hokage Hiruzen
95%
Sensei/petit-fils du 3ème Hokage Konohamaru
95%
Sensei/matrîse le Mokuton Yamato
91%
Membre de la Racine Sai
90%
Tuée par Le Ninja Copieur Rin
84%
fils du Sensei de Sasuke Mitsuki
82%
Aucun quiz correspondant
Distribution des résultats
% des personnes avec chaque résultat
Percentile par nombre de réponses
Votre historique - résultats
Vous n’avez pas pris ce quiz